Statistics for Aradi vértanúk - The Martyrs of Arad

Click here to take the quiz!

General Stats

  • This quiz has been taken 55 times
  • The average score is 8 of 16

Answer Stats

Date of deathName% Correct
6 October 1849Damjanich János
81%
6 October 1849Aulich Lajos
77%
6 October 1849Kiss Ernő
77%
6 October 1849gróf Leiningen-Westerburg Károly
74%
6 October 1849gróf Vécsey Károly
71%
6 October 1849Nagysándor József
65%
6 October 1849Poelt von Poeltenberg Ernő
65%
6 October 1849Lázár Vilmos
58%
6 October 1849Knezić Károly
55%
6 October 1849Török Ignác
52%
6 October 1849Dessewffy Arisztid
48%
6 October 1849Schweidel József
39%
6 October 1849Lahner György
29%
25 October 1849Kazinczy Lajos
19%
9 February 1850Lenkey János
19%
22 August 1849Ormai Norbert
19%

Score Distribution

Percentile by Number Answered

Percent of People with Each Score

Your Score History

You have not taken this quiz